00843 a2200241 4500999001900000003000400019005001700023008004100040020002100081035001300102037004300115040000800158082000600166100002600172245005800198260004000256270008800296300002300384490002600407500002500433942002600458952011700484 c192677d192677dpl20220929145414.0220929b ||||| |||| 00| 0 eng d a818673497c75.00 aB-211075 bRP-PV-4 / PANSY-07-08:5 / RP-07-08:ENG cdpl14aN1 aGardner, Erle Stanley1 aThe case of the Waylaid Wolfcby Erle Stanley Gardner aBangalorebMaster Mind Booksc2005r aNo. 25, Vasan Towers, Dr. TCM Royan Raode560053k080-26705679mvasanbks@bgl.net.in a208 pc18 cm (pbk) aA perry mason mystery aThis is reprint 2005 adplcENkN / GAR2ddc 00102ddc40708FICaZLSbZLSd2022-09-29l2pB-0211075r2025-10-06 00:00:00s2025-09-22v75.00w2022-09-29yEN